000 00474nam a2200205Ia 4500
003 OSt
005 20220924133855.0
006 a|||||r|||| 00| 0
007 ta
008 220923b |||||||| |||| 00| 0 snd d
024 _a269399
037 _cTextual
040 _aARTS
_cARTS
_bsnd
041 _2snd
_asnd
082 _aV2:51, 1593H6
245 0 _aAzadi ji raah
260 _c1946
942 _hV2:51, 1593H6
_cTEXL
_2CC
999 _c435559
_d435559